| 000 | 00628nam a22002297a 4500 | ||
|---|---|---|---|
| 003 | OSt | ||
| 005 | 20240802144236.0 | ||
| 008 | 130927t xxu||||| |||| 00| 0 eng d | ||
| 020 | _a9780817216801 | ||
| 050 |
_aPR 2827.A2 _b.Sh527 1991 |
||
| 082 |
_a PR 2827.A2 _b.SH5271991 |
||
| 100 |
_aShakepeare, William _922056 |
||
| 245 |
_aA midsummer night's dream / _cWilliam Shakepeare |
||
| 260 |
_aAustin, Texas : _bRaintree Steck-Vaughn Publishers, _cc1991. |
||
| 300 |
_a48 p. : _bill. ; _c24cm. |
||
| 562 | _e3 | ||
| 650 |
_aLiterature _92409 |
||
| 942 |
_2lcc _cBK |
||
| 999 |
_c12205 _d12205 |
||